000 00612ncm a2200181 a 4500
020 _a9698156062 (hb)
082 _a954.91
_bZAI
_cN-1, P-99
245 1 _aQuaid-i-Azam Mohammad Ali Jinnah Papers:
_bPakistan in the making 3 June - 30 June 1947.
260 _aIslamabad:
_bCulture Division,
_c1994.
300 _a992p. : Vol. 2.
526 _a0
_b0
_c0
_d954_910000000000000_ZAI
650 _aJinnah, Muhammad Ali,1876-1948.
_97100
650 _aNUST
_96342
650 _aPakistan Movement.
_9203
700 _aZaidi, Z. M. (ed.).
_97101
710 _aQuaid-i-Azam Papers Wing, Islamabad.
_97102
942 _2ddc
_cBK
999 _c550214
_d550214